书目信息 |
| 题名: |
全国计算机等级考试一级教程
|
|
| 作者: | 冯博琴 , 贾应智 编著 | |
| 分册: | MS Office | |
| 出版信息: | 北京 中国铁道出版社 2014 |
|
| 页数: | 275页 | |
| 开本: | 26cm | |
| 丛书名: | 全国计算机等级考试教程丛书 | |
| 单 册: | ||
| 中图分类: | TP3 , TP317.1 | |
| 科图分类: | ||
| 主题词: | 电子计算机--教材--等级考试 , 软件包--教材--等级考试 | |
| 电子资源: | ||
| ISBN: | 978-7-113-17968-7 | |
| 000 | 00984nam0 2200277 450 | |
| 001 | 118 | |
| 005 | 20160905153842.78 | |
| 010 | @a978-7-113-17968-7@dCNY35.00 | |
| 100 | @a20140327d2014 em y0chiy50 ea | |
| 101 | 0 | @achi |
| 102 | @aCN@b110000 | |
| 105 | @ay z 000yy | |
| 200 | 1 | @a全国计算机等级考试一级教程@9quan guo ji suan ji deng ji kao shi yi ji jiao cheng@iMS Office@f冯博琴,贾应智编著 |
| 205 | @a3版 | |
| 210 | @a北京@c中国铁道出版社@d2014 | |
| 215 | @a275页@d26cm | |
| 225 | 1 | @a全国计算机等级考试教程丛书 |
| 330 | @a本书主要内容包括:计算机基础知识、Windows 7操作系统、文字处理系统Word 2010、电子表格Excel 2010、演示文稿PowerPoint 2010、Internet基础共6章。 | |
| 606 | 0 | @a电子计算机@j教材@x等级考试 |
| 606 | 0 | @a软件包@j教材@x等级考试 |
| 690 | @aTP3@v5 | |
| 690 | @aTP317.1@v5 | |
| 701 | 0 | @a冯博琴@9feng bo qin@f(1942~)@4编著 |
| 701 | 0 | @a贾应智@9jia ying zhi@f(1963.4~)@4编著 |
| 801 | 0 | @aCN@b唐山师范学院图书馆@c20160720 |
| 905 | @aZUCC@dTP3@e597=3 | |
| 全国计算机等级考试一级教程.MS Office/冯博琴,贾应智编著.-3版.-北京:中国铁道出版社,2014 |
| 275页;26cm.-(全国计算机等级考试教程丛书) |
| ISBN 978-7-113-17968-7:CNY35.00 |
| 本书主要内容包括:计算机基础知识、Windows 7操作系统、文字处理系统Word 2010、电子表格Excel 2010、演示文稿PowerPoint 2010、Internet基础共6章。 |
| ● |
| 相关链接 |
|
|
|
|
正题名:全国计算机等级考试一级教程
索取号:TP3/597=3
 
预约/预借
| 序号 | 登录号 | 条形码 | 馆藏地/架位号 | 状态 | 备注 |
| 1 | 900489 | 209004897 | 第二样本阅览室/ [索取号:TP3/597=3] | 在馆 | |
| 2 | 900490 | 209004904 | 第三借阅区/ [索取号:TP3/597=3] | 在馆 | |
| 3 | 900491 | 209004913 | 第三借阅区/ [索取号:TP3/597=3] | 在馆 | |
| 4 | 900492 | 209004922 | 密集书库—计算机科学学院/ [索取号:TP3/597=3] | 在馆 |